000 00523nam a22001697a 4500
999 _c172372
_d172372
005 20200204141528.0
010 _aENG-127630
020 _a9789380200613
_c299.00
035 _aEN-111162
037 _bDBAD/PUB
082 _a332.672
245 _aMoney Matters Financial Planning for the Newly Married /
260 _aMumbai
_bBestsellers18
_c2016
270 _bMumbai
_aB-23,Royal Industrial Estate,5-B, Naigun Cross Road,Wadala
_e400013
300 _a197p.
_b19cm(hb)
942 _2ddc
_cEN
_h332.6
_mFIN